| 000 | 00780nam 22002293 4500 | ||
|---|---|---|---|
| 001 | 201656 | ||
| 010 | _a 972-25-0369-3 | ||
| 021 |
_aPT _b44273/91 |
||
| 090 | _a201656 | ||
| 100 | _a20260407d u||y0pory50 ba | ||
| 200 |
_aOs leões do Calypso _froteiro e desenhos Dominique Sérafini, textos Y. Paccalet, colorização J.J. Y. Chagnaud _gtradução de Luís Nazaré |
||
| 210 |
_aLisboa _cBertrand Editora _dD. L. 1991 |
||
| 215 |
_a48 p. _cil. ; encadernado _d30 cm |
||
| 225 | _aAs aventuras da equipa Cousteau em Banda Desenhada | ||
| 606 |
_aDesenho Artístico _91586 |
||
| 610 | _aBanda Desenhada | ||
| 675 |
_a74 _vPT _zpor |
||
| 700 |
_aSérafini _917049 _bDominique _f1946- |
||
| 701 |
_917048 _aPaccalet _bYves _f1945- |
||
| 801 |
_aPT _bBMMN _gRPC |
||
| 830 | _cIsabel | ||
| 990 | _cLIVROS | ||